The Science of cancer treatment /

Bibliographic Details
Other Authors: Ponder, B. A. J. (Bruce A. J.), 1944-, Waring, Michael J.
Format: Book
Language:English
Published: Dordrecht ; Boston : Kluwer Academic Publishers, [1990]
Series:Cancer biology and medicine.
Subjects:

MARC

Tag First Indicator Second Indicator Subfields
LEADER 00000cam a2200000 a 4500
001 in00004472973
005 20191202143237.0
008 891221s1990 ne a b 00100 eng c
010 |a  89071710  
020 |a 0792389050 :  |c £50.00 (U.K. : est.) 
035 |a (OCoLC)20894618 
035 |9 AAE2467MS 
035 |z (UtOrBLW)13566 
035 |a 24149 
040 |a DNLM/DLC  |c DLC  |d TMV  |d UtOrBLW 
049 |a TMVM  |c 1 
050 0 0 |a RC270.8  |b .S33 1990 
060 0 |a QZ 266 S416 
060 4 |a QZ 266  |b S416 1990 
082 0 0 |a 616.99/406  |2 20 
245 0 4 |a The Science of cancer treatment /  |c edited by B.A.J. Ponder and M.J. Waring. 
264 1 |a Dordrecht ;  |a Boston :  |b Kluwer Academic Publishers,  |c [1990] 
264 4 |c ©1990 
300 |a ix, 211 pages :  |b illustrations ;  |c 25 cm. 
336 |a text  |2 rdacontent  |b txt 
337 |a unmediated  |2 rdamedia 
338 |a volume  |2 rdacarrier  |b nc 
490 1 |a Cancer biology and medicine 
504 |a Includes bibliographical references and index. 
650 2 |a Neoplasms  |x therapy. 
700 1 |a Ponder, B. A. J.  |q (Bruce A. J.),  |d 1944- 
700 1 |a Waring, Michael J. 
830 0 |a Cancer biology and medicine. 
999 |a MARS 
999 f f |s 803df32c-655f-3e86-a3dc-f1fb312987e7  |i 6a92bfa2-6a3a-3d4b-b851-4538e2b28c63  |t 0 
952 f f |p ric  |a Texas A&M University  |b Rellis Campus  |c Joint Library Facility  |d Remote Storage  |t 0  |e QZ 266 S416 1990  |h National Library of Medicine classification  |i unmediated -- volume  |m 3238900958318 
998 f f |a QZ 266 S416 1990  |t 0  |l Remote Storage